<?xml version="1.0" encoding="UTF-8"?><?xml-stylesheet type="text/xsl" href="static/style.xsl"?><OAI-PMH xmlns="http://www.openarchives.org/OAI/2.0/" xmlns:xsi="http://www.w3.org/2001/XMLSchema-instance" xsi:schemaLocation="http://www.openarchives.org/OAI/2.0/ http://www.openarchives.org/OAI/2.0/OAI-PMH.xsd"><responseDate>2026-04-27T19:44:25Z</responseDate><request verb="GetRecord" identifier="oai:uvadoc.uva.es:10324/55441" metadataPrefix="marc">https://uvadoc.uva.es/oai/request</request><GetRecord><record><header><identifier>oai:uvadoc.uva.es:10324/55441</identifier><datestamp>2025-03-26T19:45:09Z</datestamp><setSpec>com_10324_5460</setSpec><setSpec>com_10324_5186</setSpec><setSpec>com_10324_29291</setSpec><setSpec>col_10324_55431</setSpec></header><metadata><record xmlns="http://www.loc.gov/MARC21/slim" xmlns:doc="http://www.lyncode.com/xoai" xmlns:xsi="http://www.w3.org/2001/XMLSchema-instance" xmlns:dcterms="http://purl.org/dc/terms/" xsi:schemaLocation="http://www.loc.gov/MARC21/slim http://www.loc.gov/standards/marcxml/schema/MARC21slim.xsd">
<leader>00925njm 22002777a 4500</leader>
<datafield tag="042" ind1=" " ind2=" ">
<subfield code="a">dc</subfield>
</datafield>
<datafield tag="720" ind1=" " ind2=" ">
<subfield code="a">Guzmán-Simón, Fernando</subfield>
<subfield code="e">author</subfield>
</datafield>
<datafield tag="260" ind1=" " ind2=" ">
<subfield code="c">2022</subfield>
</datafield>
<datafield tag="520" ind1=" " ind2=" ">
<subfield code="a">Los movimientos juveniles y los conflictos generacionales asumieron un papel protagonista en la transformación social, política y económica de la España de la Transición (1968-1982). La cultura asumió un papel clave en dicha transformación desde finales de la década de los sesenta. El interés por la literatura extranjera, como ocurría con la “Generación Beat”, fue uno de los elementos dinamizadores más influyentes de la joven generación. Las traducciones de textos de Allen Ginsberg, Jack Kerouac o William Burroughs, junto con la música pop y las revistas juveniles, generaron nuevos modelos estéticos. Desde los parámetros metodológicos de la Literatura comparada, este artículo aborda la influencia de los autores beat en la obra Escatófago (1968-1972) del poeta malagueño Fernando Merlo y la crítica literaria de Miguel Romero Esteo.</subfield>
</datafield>
<datafield tag="024" ind2=" " ind1="8">
<subfield code="a">Castilla. Estudios de Literatura; Núm. 13 (2022) pags. 212-241</subfield>
</datafield>
<datafield tag="024" ind2=" " ind1="8">
<subfield code="a">1989-7383</subfield>
</datafield>
<datafield tag="024" ind2=" " ind1="8">
<subfield code="a">https://uvadoc.uva.es/handle/10324/55441</subfield>
</datafield>
<datafield tag="024" ind2=" " ind1="8">
<subfield code="a">10.24197/cel.13.2022.212-241</subfield>
</datafield>
<datafield tag="024" ind2=" " ind1="8">
<subfield code="a">212</subfield>
</datafield>
<datafield tag="024" ind2=" " ind1="8">
<subfield code="a">13</subfield>
</datafield>
<datafield tag="024" ind2=" " ind1="8">
<subfield code="a">241</subfield>
</datafield>
<datafield ind1=" " ind2=" " tag="653">
<subfield code="a">Literatura</subfield>
</datafield>
<datafield tag="245" ind1="0" ind2="0">
<subfield code="a">La “Generación Beat” en la España de la Transición política o el ejemplo de Miguel Romero Esteo y Fernando Merlo</subfield>
</datafield>
</record></metadata></record></GetRecord></OAI-PMH>